[Event "GER-chT U14 Girls"]
[Site "Willingen"]
[Date "2021.06.25"]
[Round "4.9"]
[White "Gruber, Florentine"]
[Black "Blume, Louisa"]
[Result "1-0"]
[WhiteElo "988"]
[BlackElo "798"]
[PlyCount "111"]
[EventDate "2021.06.23"]
[EventType "team-swiss"]
[EventRounds "7"]
[EventCountry "GER"]
[SourceTitle "EXT 2022"]
[Source "ChessBase"]
[SourceDate "2021.10.06"]
[SourceVersion "1"]
[SourceVersionDate "2021.10.06"]
[SourceQuality "1"]
[WhiteTeam "Paderborn"]
[BlackTeam "Essen Werden"]
[WhiteTeamCountry "GER"]
[BlackTeamCountry "GER"]

1. d4 e6 2. Nf3 d5 3. g3 Nc6 4. Bg2 Nf6 5. 0-0 Bd6 6. c4 0-0 7. c5 Be7 8. Nc3 b6 9. Na4 Ba6 10. Ne5 Bb7 11. Nxc6 Bxc6 12. b4 Qe8 13. Nc3 Rb8 14. Rb1 Qd8 15. b5 Ba8 16. Bf4 bxc5 17. dxc5 Bxc5 18. Qa4 Qd7 19. Rfd1 a6 20. bxa6 Qxa4 21. Nxa4 Ba7 22. Bxc7 Rbc8 23. Rdc1 Bd4 24. Nb6 Rce8 25. Bd6 Rd8 26. Bxf8 Kxf8 27. Rc8 Rxc8 28. Nxc8 Ng4 29. e3 Be5 30. a7 g6 31. Rb8 Bc6 32. Nb6+ Ke7 33. Rc8 Bb7 34. a8Q Bxa8 35. Rxa8 Nf6 36. a4 Nd7 37. Ra7 Bb8 38. Rxd7+ Ke8 39. a5 Kf8 40. Rd8+ Ke7 41. Rxb8 Kd6 42. Rc8 h5 43. a6 Ke5 44. a7 Kd6 45. a8Q Ke5 46. Bxd5 Kf6 47. Qa1+ Ke7 48. Bxe6 Kd6 49. Qd1+ Ke7 50. Qd7+ Kf6 51. Nd5+ Ke5 52. Bxf7 Ke4 53. Qe6+ Kd3 54. Bxg6+ Ke2 55. Nf4+ Kf3 56. Be4# 1-0